000 01076cad a22001935a 4500
001 L157434
008 111125e2012 xxk 000 0 eng d
035 _a(Sirsi) u157434
041 0 _aeng
110 2 _aUnited Kingdom
_bDepartment of Energy and Climate Change
_95850
245 0 0 _a2012 annual energy statement
_h[electronic resource]
260 _aLondon
_bDECC
_c2012
520 _aAnnual Energy Statement delivered to Parliament on 29 November 2012. The 2012 statement sets out an overview on the progress the Government has made in implementing policy on energy and climate change over the past 12 months and provides the overarching narrative for various key publications on energy policy relating to electricity market reform, energy security strategy and energy efficiency strategy.
590 _aKA NTK
651 4 _aUnited Kingdom
_y
690 _aEnergy
_96237
856 4 0 _uhttps://www.decc.gov.uk/assets/decc/11/meeting-energy-demand/annual-energy-statement/7086-annual-energy-statement-2012.pdf
_zView the item free of charge at www.decc.gov.uk
942 _n0
999 _c114772
_d114772